000
00299nam a2200157Ia 4500
100
_a
ISTE
650
_a
General
942
_c
BK
654
_a
handbook
245
_a
ISTE Handbook 2003-04
260
_b
AICTE
_c
2003
082
_a
11.7
_b
IST
300
_a
446
546
_a
ENGLISH
999
_c
30473
_d
30473